My Chemical Romance Welcome to the Black Parade Lyrics - Statistics

General Stats
  • This quiz has been taken 2,532 times
  • The average score is 330 of 466
Answer Stats
Answer % Correct
a
100%
A
100%
I
100%
boy
99%
father
99%
me
99%
my
99%
the
99%
The
99%
to
99%
To
99%
was
99%
When
99%
when
99%
you
99%
young
99%
band
98%
city
98%
He
98%
in
98%
see
98%
Took
98%
into
97%
marching
97%
said
97%
So
97%
be
96%
grow
96%
up
96%
and
95%
And
95%
Will
95%
will
95%
Son
94%
broken
93%
Broken
93%
of
93%
beaten
91%
on
90%
On
90%
all
89%
damned
89%
them
89%
black
88%
defeat
88%
Your
88%
your
88%
savior
87%
who
87%
demons
86%
parade
86%
carry
83%
they
83%
we
82%
We
82%
join
81%
non-believers
81%
that
81%
have
80%
made
80%
go
79%
Go
79%
would
78%
plans
76%
We'll
75%
we'll
75%
day
74%
feel
74%
one
74%
I'll
73%
it
73%
leave
73%
over
73%
get
72%
phantom
72%
Sometimes
72%
summer
72%
feeling
71%
watching
71%
lead
70%
Because
68%
because
68%
should
68%
like
66%
she's
66%
hear
65%
times
64%
other
63%
through
60%
memory
59%
believe
57%
fall
57%
you're
57%
gone
55%
rise
55%
though
54%
want
54%
Heart
53%
heart
53%
know
53%
streets
53%
take
53%
Take
53%
Dead
52%
Do
48%
bodies
47%
paint
45%
back
44%
us
44%
kill
42%
dreams
41%
never
41%
won't
41%
you'll
41%
can't
40%
explain
40%
hate
40%
misery
39%
world
39%
clear
38%
defeated
38%
loud
38%
not
38%
call
37%
I'm
37%
shout
37%
contain
36%
die
34%
anthem
32%
from
32%
or
32%
decimated
31%
end
31%
reeling
31%
break
30%
care
30%
just
30%
Just
30%
make
30%
sends
30%
this
30%
man
29%
hero
28%
try
28%
at
26%
cause
26%
let's
26%
faces
25%
peers
25%
say
25%
don't
24%
Disappointed
23%
weary
23%
widow
23%
marches
22%
show
22%
Defiant
21%
fears
21%
for
21%
gonna
21%
look
21%
sing
21%
sorry
21%
are
20%
scars
20%
song
20%
could
19%
part
19%
had
18%
it's
18%
play
18%
wanna
18%
unashamed
17%
Give
15%
here
15%
Listen
14%
cheer
13%
No matching quizzes found
Score Distribution
Percent of People with Each Score
Percentile by Number Answered
Your Score History
You have not taken this quiz